Normal view MARC view
  • Revista de Psicología General y Aplicada

Entry TÍTULO UNIFORME

Number of records used in: 3

001 - NUMERO DE CONTROL DEL REGISTRO

  • Campo de control: 298720

003 - IDENTIFICADOR DEL NUMERO DE CONTROL

  • Campo de control: ES-SlBCS

005 - FECHA Y HORA DE LA ULTIMA TRANSACCION

  • Campo de control: 20210327230037.0

008 - ELEMENTOS DE LONGITUD FIJA

  • Campo de control de longitud fija: 210327|| aca||aabn | a|a d

040 ## - FUENTE DE LA CATALOGACION

  • Agencia que crea de manera original el registro: ES-SlBCS
  • Agencia que realiza la transcripción: ES-SlBCS

130 ## - ENCABEZAMIENTO - TITULO UNIFORME

  • Título uniforme: Revista de Psicología General y Aplicada

670 ## - FUENTE EN LA QUE SE LOCALIZARON DATOS

  • Cita de la fuente: Work cat.: (ES-SlBCS)706933: Faubell, Vicente 237337, La Revista de Psicología General y Aplicada (Bodas de Plata, 1946-1970)

Bibliotecas Dominicos Provincia Hispania, 2016

Con tecnología Koha